[Event "SEMI B020 email"]
[Site "SEMI email"]
[Date "2001.06.15"]
[Round "?"]
[White "Ferrari, Edoardo"]
[Black "Cipressi, Nicola"]
[Result "1-0"]
[WhiteElo "1000"]
[BlackElo "1600"]
[PlyCount "95"]
[EventDate "2001.06.15"]
[EventType "tourn (corr)"]
[EventRounds "6"]
[EventCountry "ITA"]
[SourceTitle "Corr 2008"]
[Source "ChessBase"]
[SourceDate "2008.06.24"]
[SourceVersion "1"]
[SourceVersionDate "2008.06.24"]
[SourceQuality "1"]

1. d4 Nf6 2. c4 e6 3. Nf3 d5 4. Nc3 Bb4 5. cxd5 exd5 6. Bg5 0-0 7. e3 c6 8. Bd3 Nbd7 9. 0-0 Re8 10. Qb3 Bd6 11. e4 dxe4 12. Nxe4 Be7 13. Rfe1 Nxe4 14. Rxe4 Nf8 15. Rae1 Be6 16. Rxe6 fxe6 17. Rxe6 Qd5 18. Qxd5 cxd5 19. Rxe7 Rxe7 20. Bxe7 Rc8 21. Bg5 h6 22. Be3 Kf7 23. Ne5+ Kf6 24. f4 Ke7 25. Kf2 Ne6 26. f5 Ng5 27. g4 Ne4+ 28. Kf3 Ng5+ 29. Kf4 Nf7 30. Bd2 Nd6 31. Bb4 Rc1 32. Bb5 a6 33. Bd7 a5 34. Bc5 Rf1+ 35. Ke3 b6 36. Ba3 Re1+ 37. Kf2 Ra1 38. Be6 Rxa2 39. Bxd5 Rxa3 40. bxa3 Nb5 41. Nc4 Nxd4 42. Nxb6 Kd6 43. Be4 Nb5 44. Nc4+ Kc5 45. Nxa5 Nxa3 46. Bd3 Kd4 47. Ke2 Kc3 48. h4 1-0